000 01264cab a22002415a 4500
001 L152267
008 110215e20110212xxk 000 0 eng d
035 _a(Sirsi) u152267
041 0 _aeng
100 1 _aEdmund, Teresa
245 0 0 _aAdopt a sensible policy
260 _c2011
490 _aEstates Gazette
_v(1106) 12 February 2011, 98-99(2)
520 _aHighlights the pitfalls of the enforceability of guarantee covenants. Examines the Landlord and Tenant (Covenants) Act 1995 and changes to liability under the 1995 Act referring to old leases as pre-1996 and new leases as post 1996 which usually require a tenant to enter into authorised guarantee agreements (AGA). Refers to "Good Harvest Partnership LLP v Centaur Services Ltd" [2010] EWHC EWHC 330 (Ch) (See L149727) and K/S Victoria Street v House of Fraser (Stores Management) Ltd [2010]EWHC 3006 (Ch) and obligations under AGAs.
590 _aKA
650 2 4 _aLANDLORD AND TENANT (COVENANTS) ACT 1995
650 2 4 _aGOOD HARVEST PARTNERSHIP LLP V CENTAUR SERVICES LTD
650 2 4 _aK/S VICTORIA STREET V HOUSE OF FRASER (STORES MANAGEMENT) LTD
651 4 _aUnited Kingdom
_y
690 _aMANAGEMENT-BUSINESS MANAGEMENT-PROFESSIONAL PRACTICE
700 1 _aPfleger, Heidi
942 _n0
999 _c82925
_d82925